<?xml version="1.0" encoding="UTF-8"?>
<record
    xmlns:xsi="http://www.w3.org/2001/XMLSchema-instance"
    xsi:schemaLocation="http://www.loc.gov/MARC21/slim http://www.loc.gov/standards/marcxml/schema/MARC21slim.xsd"
    xmlns="http://www.loc.gov/MARC21/slim">

  <leader>03053nam a22003617a 4500</leader>
  <controlfield tag="003">NALT</controlfield>
  <controlfield tag="005">20260116103515.0</controlfield>
  <controlfield tag="008">251223b        th ||||| |||| 00| 0 tha d</controlfield>
  <datafield tag="020" ind1=" " ind2=" ">
    <subfield code="a">9789740219309</subfield>
  </datafield>
  <datafield tag="040" ind1=" " ind2=" ">
    <subfield code="a">&#xE4C;NALT</subfield>
  </datafield>
  <datafield tag="041" ind1="1" ind2=" ">
    <subfield code="a">tha</subfield>
    <subfield code="h">eng</subfield>
  </datafield>
  <datafield tag="050" ind1=" " ind2=" ">
    <subfield code="a">HF 3838.T5</subfield>
    <subfield code="b">&#xE04;617&#xE01; 2568</subfield>
  </datafield>
  <datafield tag="100" ind1="1" ind2=" ">
    <subfield code="a">&#xE04;&#xE38;&#xE0A;&#xE41;&#xE21;&#xE19;, &#xE40;&#xE08;&#xE19;&#xE19;&#xE34;&#xE40;&#xE1F;&#xE2D;&#xE23;&#xE4C; &#xE40;&#xE27;&#xE22;&#xE4C;&#xE19;.</subfield>
    <subfield code="9">67162</subfield>
  </datafield>
  <datafield tag="245" ind1="1" ind2="0">
    <subfield code="a">&#xE01;&#xE32;&#xE23;&#xE04;&#xE49;&#xE32;&#xE17;&#xE32;&#xE07;&#xE40;&#xE23;&#xE37;&#xE2D;&#xE2A;&#xE33;&#xE40;&#xE20;&#xE32;&#xE08;&#xE35;&#xE19;-&#xE2A;&#xE22;&#xE32;&#xE21; &#xE22;&#xE38;&#xE04;&#xE15;&#xE49;&#xE19;&#xE23;&#xE31;&#xE15;&#xE19;&#xE42;&#xE01;&#xE2A;&#xE34;&#xE19;&#xE17;&#xE23;&#xE4C; =</subfield>
    <subfield code="b">Fields from the sea : Chinese junk trade with Siam during the late eighteenth and early nineteenth centuries / </subfield>
    <subfield code="c">&#xE40;&#xE08;&#xE19;&#xE19;&#xE34;&#xE40;&#xE1F;&#xE2D;&#xE23;&#xE4C; &#xE40;&#xE27;&#xE22;&#xE4C;&#xE19; &#xE04;&#xE38;&#xE0A;&#xE41;&#xE21;&#xE19;, &#xE1C;&#xE39;&#xE49;&#xE41;&#xE15;&#xE48;&#xE07; ; &#xE0A;&#xE37;&#xE48;&#xE19;&#xE08;&#xE34;&#xE15;&#xE15;&#xE4C; &#xE2D;&#xE33;&#xE44;&#xE1E;&#xE1E;&#xE23;&#xE23;&#xE13;, &#xE1C;&#xE39;&#xE49;&#xE41;&#xE1B;&#xE25; ; &#xE0A;&#xE32;&#xE0D;&#xE27;&#xE34;&#xE17;&#xE22;&#xE4C; &#xE40;&#xE01;&#xE29;&#xE15;&#xE23;&#xE28;&#xE34;&#xE23;&#xE34;, &#xE1A;&#xE23;&#xE23;&#xE13;&#xE32;&#xE18;&#xE34;&#xE01;&#xE32;&#xE23;.</subfield>
  </datafield>
  <datafield tag="246" ind1="3" ind2="1">
    <subfield code="a">Fields from the sea : </subfield>
    <subfield code="b">Chinese junk trade with Siam during the late eighteenth and early nineteenth centuries.</subfield>
  </datafield>
  <datafield tag="250" ind1=" " ind2=" ">
    <subfield code="a">&#xE1E;&#xE34;&#xE21;&#xE1E;&#xE4C;&#xE04;&#xE23;&#xE31;&#xE49;&#xE07;&#xE17;&#xE35;&#xE48; 2.</subfield>
  </datafield>
  <datafield tag="260" ind1=" " ind2=" ">
    <subfield code="a">&#xE01;&#xE23;&#xE38;&#xE07;&#xE40;&#xE17;&#xE1E;&#xE2F; : </subfield>
    <subfield code="b">&#xE21;&#xE15;&#xE34;&#xE0A;&#xE19;, </subfield>
    <subfield code="c">2568.</subfield>
  </datafield>
  <datafield tag="300" ind1=" " ind2=" ">
    <subfield code="a">283 &#xE2B;&#xE19;&#xE49;&#xE32; : </subfield>
    <subfield code="b">&#xE20;&#xE32;&#xE1E;&#xE1B;&#xE23;&#xE30;&#xE01;&#xE2D;&#xE1A;, &#xE15;&#xE32;&#xE23;&#xE32;&#xE07;, &#xE41;&#xE1C;&#xE19;&#xE20;&#xE39;&#xE21;&#xE34;, &#xE41;&#xE1C;&#xE19;&#xE17;&#xE35;&#xE48; ;</subfield>
    <subfield code="c">24 &#xE0B;&#xE21;.</subfield>
  </datafield>
  <datafield tag="505" ind1="2" ind2=" ">
    <subfield code="a">&#xE1A;&#xE17;&#xE17;&#xE35;&#xE48; 1 &#xE1A;&#xE17;&#xE19;&#xE33; -- &#xE1A;&#xE17;&#xE17;&#xE35;&#xE48; 2 &#xE01;&#xE32;&#xE23;&#xE14;&#xE33;&#xE40;&#xE19;&#xE34;&#xE19;&#xE40;&#xE01;&#xE35;&#xE48;&#xE22;&#xE27;&#xE01;&#xE31;&#xE1A;&#xE20;&#xE32;&#xE29;&#xE35;&#xE28;&#xE38;&#xE25;&#xE01;&#xE32;&#xE01;&#xE23;&#xE17;&#xE32;&#xE07;&#xE17;&#xE30;&#xE40;&#xE25;&#xE02;&#xE2D;&#xE07;&#xE04;&#xE19;&#xE1E;&#xE37;&#xE49;&#xE19;&#xE40;&#xE21;&#xE37;&#xE2D;&#xE07;&#xE0A;&#xE32;&#xE27;&#xE08;&#xE35;&#xE19; -- &#xE1A;&#xE17;&#xE17;&#xE35;&#xE48; 3 &#xE2A;&#xE33;&#xE40;&#xE20;&#xE32;&#xE40;&#xE14;&#xE34;&#xE19;&#xE17;&#xE30;&#xE40;&#xE25;&#xE02;&#xE2D;&#xE07;&#xE08;&#xE35;&#xE19; -- &#xE1A;&#xE17;&#xE17;&#xE35;&#xE48; 4 &#xE2A;&#xE34;&#xE19;&#xE04;&#xE49;&#xE32;&#xE40;&#xE02;&#xE49;&#xE32;&#xE41;&#xE25;&#xE30;&#xE2A;&#xE34;&#xE19;&#xE04;&#xE49;&#xE32;&#xE2D;&#xE2D;&#xE01; : &#xE25;&#xE31;&#xE01;&#xE29;&#xE13;&#xE30;&#xE01;&#xE32;&#xE23;&#xE04;&#xE49;&#xE32;&#xE02;&#xE32;&#xE22;&#xE23;&#xE30;&#xE2B;&#xE27;&#xE48;&#xE32;&#xE07;&#xE08;&#xE35;&#xE19;-&#xE2A;&#xE22;&#xE32;&#xE21; -- &#xE1A;&#xE17;&#xE17;&#xE35;&#xE48; 5 &#xE1C;&#xE39;&#xE49;&#xE14;&#xE33;&#xE40;&#xE19;&#xE34;&#xE19;&#xE07;&#xE32;&#xE19;&#xE01;&#xE32;&#xE23;&#xE04;&#xE49;&#xE32;&#xE02;&#xE32;&#xE22;&#xE23;&#xE30;&#xE2B;&#xE27;&#xE48;&#xE32;&#xE07;&#xE08;&#xE35;&#xE19;&#xE01;&#xE31;&#xE1A;&#xE2A;&#xE22;&#xE32;&#xE21; -- &#xE1A;&#xE17;&#xE17;&#xE35;&#xE48; 6 &#xE23;&#xE32;&#xE01;&#xE10;&#xE32;&#xE19;&#xE02;&#xE2D;&#xE07;&#xE19;&#xE42;&#xE22;&#xE1A;&#xE32;&#xE22;&#xE01;&#xE32;&#xE23;&#xE04;&#xE49;&#xE32;&#xE17;&#xE32;&#xE07;&#xE17;&#xE30;&#xE40;&#xE25;&#xE02;&#xE2D;&#xE07;&#xE23;&#xE32;&#xE0A;&#xE27;&#xE07;&#xE28;&#xE4C;&#xE0A;&#xE34;&#xE07; -- &#xE1A;&#xE17;&#xE17;&#xE35;&#xE48; 7 &#xE1A;&#xE17;&#xE2A;&#xE23;&#xE38;&#xE1B;.</subfield>
  </datafield>
  <datafield tag="651" ind1=" " ind2="4">
    <subfield code="a">&#xE44;&#xE17;&#xE22;</subfield>
    <subfield code="x">&#xE01;&#xE32;&#xE23;&#xE04;&#xE49;&#xE32;</subfield>
    <subfield code="x">&#xE1B;&#xE23;&#xE30;&#xE27;&#xE31;&#xE15;&#xE34; </subfield>
    <subfield code="9">39723</subfield>
  </datafield>
  <datafield tag="651" ind1=" " ind2="4">
    <subfield code="a">&#xE08;&#xE35;&#xE19; </subfield>
    <subfield code="x">&#xE01;&#xE32;&#xE23;&#xE04;&#xE49;&#xE32; </subfield>
    <subfield code="x">&#xE1B;&#xE23;&#xE30;&#xE27;&#xE31;&#xE15;&#xE34;</subfield>
    <subfield code="9">67240</subfield>
  </datafield>
  <datafield tag="651" ind1=" " ind2="4">
    <subfield code="a">&#xE08;&#xE35;&#xE19; </subfield>
    <subfield code="x">&#xE04;&#xE27;&#xE32;&#xE21;&#xE2A;&#xE31;&#xE21;&#xE1E;&#xE31;&#xE19;&#xE18;&#xE4C;&#xE17;&#xE32;&#xE07;&#xE40;&#xE28;&#xE23;&#xE29;&#xE10;&#xE01;&#xE34;&#xE08;&#xE01;&#xE31;&#xE1A;&#xE15;&#xE48;&#xE32;&#xE07;&#xE1B;&#xE23;&#xE30;&#xE40;&#xE17;&#xE28; </subfield>
    <subfield code="z">&#xE44;&#xE17;&#xE22;</subfield>
    <subfield code="9">21297</subfield>
  </datafield>
  <datafield tag="651" ind1=" " ind2="4">
    <subfield code="a">&#xE44;&#xE17;&#xE22;</subfield>
    <subfield code="x">&#xE04;&#xE27;&#xE32;&#xE21;&#xE2A;&#xE31;&#xE21;&#xE1E;&#xE31;&#xE19;&#xE18;&#xE4C;&#xE17;&#xE32;&#xE07;&#xE40;&#xE28;&#xE23;&#xE29;&#xE10;&#xE01;&#xE34;&#xE08;&#xE01;&#xE31;&#xE1A;&#xE15;&#xE48;&#xE32;&#xE07;&#xE1B;&#xE23;&#xE30;&#xE40;&#xE17;&#xE28; </subfield>
    <subfield code="z">&#xE08;&#xE35;&#xE19;</subfield>
    <subfield code="9">16827</subfield>
  </datafield>
  <datafield tag="651" ind1=" " ind2="4">
    <subfield code="a">&#xE08;&#xE35;&#xE19; </subfield>
    <subfield code="x">&#xE01;&#xE32;&#xE23;&#xE04;&#xE49;&#xE32; </subfield>
    <subfield code="y">&#xE44;&#xE17;&#xE22;</subfield>
    <subfield code="9">67241</subfield>
  </datafield>
  <datafield tag="651" ind1=" " ind2="4">
    <subfield code="a">&#xE44;&#xE17;&#xE22;</subfield>
    <subfield code="x">&#xE01;&#xE32;&#xE23;&#xE04;&#xE49;&#xE32; </subfield>
    <subfield code="z">&#xE08;&#xE35;&#xE19; </subfield>
    <subfield code="9">67242</subfield>
  </datafield>
  <datafield tag="700" ind1="1" ind2=" ">
    <subfield code="a">Cushman, Jennifer Wayne</subfield>
    <subfield code="9">67239</subfield>
  </datafield>
  <datafield tag="700" ind1="0" ind2=" ">
    <subfield code="a">&#xE0A;&#xE37;&#xE48;&#xE19;&#xE08;&#xE34;&#xE15;&#xE15;&#xE4C; &#xE2D;&#xE33;&#xE44;&#xE1E;&#xE1E;&#xE23;&#xE23;&#xE13;</subfield>
    <subfield code="9">67235</subfield>
  </datafield>
  <datafield tag="700" ind1="0" ind2=" ">
    <subfield code="a">&#xE0A;&#xE32;&#xE0D;&#xE27;&#xE34;&#xE17;&#xE22;&#xE4C; &#xE40;&#xE01;&#xE29;&#xE15;&#xE23;&#xE28;&#xE34;&#xE23;&#xE34;</subfield>
    <subfield code="9">541</subfield>
  </datafield>
  <datafield tag="942" ind1=" " ind2=" ">
    <subfield code="c">GB</subfield>
    <subfield code="2">lcc</subfield>
  </datafield>
  <datafield tag="996" ind1=" " ind2=" ">
    <subfield code="a">jidapa.t</subfield>
    <subfield code="b">ACQSTF</subfield>
    <subfield code="c">2025-12-23</subfield>
  </datafield>
  <datafield tag="996" ind1=" " ind2=" ">
    <subfield code="a">varee.k</subfield>
    <subfield code="b">LIBSTF</subfield>
    <subfield code="c">2025-12-24</subfield>
  </datafield>
  <datafield tag="996" ind1=" " ind2=" ">
    <subfield code="a">saiphon.d</subfield>
    <subfield code="b">CATSTF	</subfield>
    <subfield code="c">2026-01-09</subfield>
  </datafield>
  <datafield tag="999" ind1=" " ind2=" ">
    <subfield code="c">107585</subfield>
    <subfield code="d">107585</subfield>
  </datafield>
  <datafield tag="998" ind1=" " ind2=" ">
    <subfield code="j">104</subfield>
    <subfield code="k"> &#xE19;&#xE32;&#xE07;&#xE2A;&#xE32;&#xE27;&#xE2A;&#xE32;&#xE22;&#xE1D;&#xE19;  &#xE14;&#xE35;&#xE07;&#xE32;&#xE21;</subfield>
  </datafield>
  <datafield tag="952" ind1=" " ind2=" ">
    <subfield code="0">0</subfield>
    <subfield code="1">0</subfield>
    <subfield code="2">lcc</subfield>
    <subfield code="4">0</subfield>
    <subfield code="7">0</subfield>
    <subfield code="8">CGBL</subfield>
    <subfield code="a">NALT</subfield>
    <subfield code="b">NALT</subfield>
    <subfield code="c">GEN</subfield>
    <subfield code="d">2025-12-23</subfield>
    <subfield code="e">20</subfield>
    <subfield code="l">0</subfield>
    <subfield code="o">HF 3838.T5 &#xE04;617&#xE01; 2568</subfield>
    <subfield code="p">3961215988</subfield>
    <subfield code="r">2025-12-23 00:00:00</subfield>
    <subfield code="w">2025-12-23</subfield>
    <subfield code="y">GB</subfield>
  </datafield>
</record>
